A concise guide to Bible prophecy : (Record no. 1372)

MARC details
000 -LEADER
fixed length control field 01022cam a2200313 i 4500
001 - CONTROL NUMBER
control field 17534091
003 - CONTROL NUMBER IDENTIFIER
control field GBCCL
005 - DATE AND TIME OF LATEST TRANSACTION
control field 20241126110400.0
008 - FIXED-LENGTH DATA ELEMENTS--GENERAL INFORMATION
fixed length control field 121118t2013 miu b 000 0 eng
010 ## -
-- 2012046706
020 ## - INTERNATIONAL STANDARD BOOK NUMBER
International Standard Book Number 9780801015090 (pbk.)
040 ## - CATALOGING SOURCE
Original cataloging agency DLC
Language of cataloging eng
Transcribing agency DLC
Description conventions rda
Modifying agency DLC
042 ## -
-- pcc
050 00 -
-- BS647.3
-- .G88 2013
082 00 - DEWEY DECIMAL CLASSIFICATION NUMBER
Classification number 220.15
Edition information 23
Item number GUT
100 1# - MAIN ENTRY--PERSONAL NAME
Personal name Guthrie, Stan.
9 (RLIN) 2710
245 12 - TITLE STATEMENT
Title A concise guide to Bible prophecy :
Remainder of title 60 predictions everyone should know /
Statement of responsibility, etc. Stan Guthrie.
264 #1 - PRODUCTION, PUBLICATION, DISTRIBUTION, MANUFACTURE, AND COPYRIGHT NOTICE
Place of production, publication, distribution, manufacture Grand Rapids, Michigan :
Name of producer, publisher, distributor, manufacturer Baker Books,
Date of production, publication, distribution, manufacture, or copyright notice [2013]
264 #4 - PRODUCTION, PUBLICATION, DISTRIBUTION, MANUFACTURE, AND COPYRIGHT NOTICE
Date of production, publication, distribution, manufacture, or copyright notice ©2013
300 ## - PHYSICAL DESCRIPTION
Extent 172 pages ;
Dimensions 22 cm
336 ## - CONTENT TYPE
Content type term text
Source rdacontent
337 ## - MEDIA TYPE
Media type term unmediated
Source rdamedia
338 ## - CARRIER TYPE
Carrier type term volume
Source rdacarrier
504 ## - BIBLIOGRAPHY, ETC. NOTE
Bibliography, etc. note Includes bibliographical references (pages 167-172).
630 00 - SUBJECT ADDED ENTRY--UNIFORM TITLE
Uniform title Bible
General subdivision Prophecies.
9 (RLIN) 457
906 ## - LOCAL DATA ELEMENT F, LDF (RLIN)
a 7
b cbc
c orignew
d 1
e ecip
f 20
g y-gencatlg
942 ## - ADDED ENTRY ELEMENTS (KOHA)
Source of classification or shelving scheme Dewey Decimal Classification
Koha item type Books
Koha issues (borrowed), all copies 5
Holdings
Withdrawn status Lost status Source of classification or shelving scheme Damaged status Not for loan Home library Current Library Shelving location Date acquired Cost, normal purchase price Total checkouts Full call number Barcode Date last seen Date last checked out Copy number Price effective from Koha item type Source of acquisition Cost, replacement price
    Dewey Decimal Classification     GRACE BIBLE COLLEGE GRACE BIBLE COLLEGE Biblical Studies 2017-04-27 305.50 5 220.15 GUT 014317 2025-05-01 2022-09-08 c.1 2017-04-27 Books    
    Dewey Decimal Classification     GRACE BIBLE COLLEGE GRACE BIBLE COLLEGE Biblical Studies 2018-07-10 810.00   220.15 GUT 014758 2025-05-01   c.2 2018-07-10 Books 6 900.00
© Grace Bible College Library 2025